Výpočty v ekonomice a řízení průmyslového podniku

Na minha lista:
Detalhes bibliográficos
Autor principal: Synek, Miloslav
Formato: Livro
Idioma:tcheco
Publicado em: Praha Státní nakladatelství technické literatury 1984
Tags: Adicionar Tag
Sem tags, seja o primeiro a adicionar uma tag!

MARC

LEADER 00000nam a2200000 4500
001 c116717
005 20041019155205.4
041 0 |a cze 
044 |a CZ 
245 1 0 |a Výpočty v ekonomice a řízení průmyslového podniku  |c Miloslav Synek 
264 1 |a Praha  |b Státní nakladatelství technické literatury  |c 1984 
300 |a 253 s. 
100 1 |a Synek, Miloslav